[Event "Pilsen Region-chT 2223"]
[Site "Czech Republic"]
[Date "2023.04.02"]
[Round "11.3"]
[White "Boucek, Vlastimil"]
[Black "Tochor, Jiri"]
[Result "0-1"]
[WhiteElo "1724"]
[BlackElo "1965"]
[PlyCount "70"]
[EventDate "2022.10.09"]
[EventType "team-tourn"]
[EventRounds "11"]
[EventCountry "CZE"]
[SourceTitle "EXT 2024"]
[Source "ChessBase"]
[SourceDate "2023.10.10"]
[SourceVersion "1"]
[SourceVersionDate "2023.10.10"]
[SourceQuality "1"]
[WhiteTeam "Klatovy II"]
[BlackTeam "Domazlice"]
[WhiteTeamCountry "CZE"]
[BlackTeamCountry "CZE"]

1. e4 c5 2. Nf3 e6 3. d4 cxd4 4. Nxd4 a6 5. Nb3 Nc6 6. Be2 Nf6 7. f3 Qc7 8. Be3 Bd6 9. g3 h5 10. Bf2 h4 11. gxh4 Bxh2 12. Qd2 Bf4 13. Be3 Bxe3 14. Qxe3 Qg3+ 15. Qf2 Qxf2+ 16. Kxf2 g5 17. N1d2 gxh4 18. f4 d6 19. Rh2 Ne7 20. e5 dxe5 21. fxe5 Nd7 22. Ne4 Nxe5 23. Nf6+ Kf8 24. Nc5 b6 25. Nce4 Bb7 26. Nd6 Bc6 27. Rg1 N7g6 28. Rg5 Ke7 29. Nde4 a5 30. Rh3 Bxe4 31. Nxe4 f5 32. Nd2 Kf6 33. Rg1 Nf4 34. Rb3 a4 35. Rxb6 Nh3+ 0-1

[Event "Pilsen Region-chT 2223"]
[Site "Czech Republic"]
[Date "2023.02.12"]
[Round "8.4"]
[White "Cesal, Jaroslav"]
[Black "Tochor, Jiri"]
[Result "1-0"]
[WhiteElo "2087"]
[BlackElo "1965"]
[PlyCount "69"]
[EventDate "2022.10.09"]
[EventType "team-tourn"]
[EventRounds "11"]
[EventCountry "CZE"]
[SourceTitle "EXT 2024"]
[Source "ChessBase"]
[SourceDate "2023.10.10"]
[SourceVersion "1"]
[SourceVersionDate "2023.10.10"]
[SourceQuality "1"]
[WhiteTeam "Dvorec"]
[BlackTeam "Domazlice"]
[WhiteTeamCountry "CZE"]
[BlackTeamCountry "CZE"]

1. d4 d5 2. c4 c6 3. cxd5 cxd5 4. Nc3 Nf6 5. Nf3 Nc6 6. Bf4 Bf5 7. Qb3 Na5 8. Qa4+ Bd7 9. Qc2 e6 10. e3 Bb4 11. Bd3 0-0 12. 0-0 Rc8 13. Ne5 h6 14. Rac1 Bxc3 15. bxc3 Nc4 16. Bxc4 dxc4 17. e4 Bc6 18. f3 b5 19. a4 Be8 20. axb5 Bxb5 21. Rcd1 Qb6 22. Kh1 Rfd8 23. Bc1 Qb7 24. Ba3 Nd7 25. Ng4 Nb6 26. Rb1 a6 27. f4 f6 28. f5 exf5 29. Rxf5 Bd7 30. Rxf6 gxf6 31. Nxf6+ Kg7 32. e5 Rh8 33. Nh5+ Kf7 34. Rf1+ Ke8 35. Qg6+ 1-0

[Event "Pilsen Region-chT 2223"]
[Site "Czech Republic"]
[Date "2022.10.30"]
[Round "2.4"]
[White "Grussova, Helena"]
[Black "Tochor, Jiri"]
[Result "1/2-1/2"]
[WhiteElo "2056"]
[BlackElo "1965"]
[PlyCount "112"]
[EventDate "2022.10.09"]
[EventType "team-tourn"]
[EventRounds "11"]
[EventCountry "CZE"]
[SourceTitle "EXT 2024"]
[Source "ChessBase"]
[SourceDate "2023.10.10"]
[SourceVersion "1"]
[SourceVersionDate "2023.10.10"]
[SourceQuality "1"]
[WhiteTeam "Line III"]
[BlackTeam "Domazlice"]
[WhiteTeamCountry "CZE"]
[BlackTeamCountry "CZE"]

1. e4 c5 2. Nf3 e6 3. d4 cxd4 4. Nxd4 a6 5. Nc3 Qc7 6. Bd3 Nc6 7. Be3 Nf6 8. h3 d6 9. 0-0 Be7 10. Kh1 b5 11. Nce2 Bb7 12. Ng3 0-0 13. Rc1 Ne5 14. b3 Rac8 15. f4 Nxd3 16. cxd3 Qb8 17. Qe2 Rxc1 18. Rxc1 Rc8 19. Nf3 Rxc1+ 20. Bxc1 Qc7 21. Bb2 Nd7 22. d4 d5 23. e5 g6 24. Qd3 b4 25. Ne2 Qc6 26. g4 a5 27. Ng3 Ba6 28. Qd2 Bf8 29. f5 exf5 30. gxf5 gxf5 31. Nxf5 Qg6 32. N3h4 Qh5 33. Qg2+ Kh8 34. Qxd5 Qd1+ 35. Kh2 Qd2+ 36. Qg2 Qf4+ 37. Kg1 Bd3 38. Qf2 Qg5+ 39. Kh2 Be4 40. Ne3 Bh6 41. Nhf5 Qf4+ 42. Kg1 Qg5+ 43. Kf1 Kg8 44. Nxh6+ Qxh6 45. Qg3+ Kf8 46. Nc4 a4 47. Qe3 Qxe3 48. Nxe3 a3 49. Bc1 Bb1 50. Bd2 Bxa2 51. Bxb4+ Ke8 52. Bxa3 Bxb3 53. Ng4 Be6 54. Kg2 h5 55. Ne3 Nb6 56. Kg3 Nc4 1/2-1/2

[Event "CZE-chT2A 1920"]
[Site "Czech Republic"]
[Date "2020.02.23"]
[Round "9.6"]
[White "Hruska, Jan"]
[Black "Tochor, Jiri"]
[Result "1-0"]
[WhiteElo "2068"]
[BlackElo "2008"]
[PlyCount "139"]
[EventDate "2019.10.13"]
[EventType "team-tourn"]
[EventRounds "11"]
[EventCountry "CZE"]
[SourceTitle "EXT 2024"]
[Source "ChessBase"]
[SourceDate "2023.10.10"]
[SourceVersion "1"]
[SourceVersionDate "2023.10.10"]
[SourceQuality "1"]
[WhiteTeam "Unichess Reserve"]
[BlackTeam "Domazlice"]
[WhiteTeamCountry "CZE"]
[BlackTeamCountry "CZE"]

1. c4 c5 2. Nc3 Nc6 3. g3 g6 4. Bg2 Bg7 5. d3 e5 6. e4 Nge7 7. Nge2 d6 8. 0-0 0-0 9. Be3 Nd4 10. Qd2 Bh3 11. Bxd4 Bxg2 12. Kxg2 cxd4 13. Nd5 Nxd5 14. cxd5 Qd7 15. Rac1 Rac8 16. Rxc8 Rxc8 17. Rc1 Rxc1 18. Nxc1 h5 19. h4 Kh7 20. Qc2 Bf6 21. Ne2 g5 22. hxg5 Bxg5 23. Ng1 Kg6 24. Nh3 Bh6 25. Qe2 Qc8 26. f4 f5 27. fxe5 dxe5 28. Ng1 fxe4 29. Qxe4+ Qf5 30. Nf3 Qxe4 31. dxe4 Kf6 32. Kf1 Bc1 33. b3 b5 34. Ke2 Ba3 35. Nh4 Bc5 36. a4 a6 37. axb5 axb5 38. Nf5 Bf8 39. Kf3 Bb4 40. g4 hxg4+ 41. Kxg4 Bc5 42. Nh4 Bb4 43. Kf3 Bf8 44. Ke2 Bb4 45. Nf3 Bd6 46. Ne1 Bc7 47. Kf3 Bd6 48. Kg4 Bf8 49. Nd3 Bd6 50. Kh5 Bf8 51. Nf2 Bd6 52. Ng4+ Kf7 53. Kg5 d3 54. Nf2 d2 55. Nd1 Ke7 56. Kg4 Kf6 57. Kf3 Kg5 58. Ke3 Bb4 59. Kf3 Bc5 60. Ke2 Bb4 61. Nf2 Bc3 62. Nd3 Kf6 63. Kd1 Ke7 64. Nf2 b4 65. Ng4 Kd6 66. Ne3 Bd4 67. Nf5+ Kc5 68. Nxd4 exd4 69. Kxd2 Kd6 70. Ke2 1-0

[Event "CZE-chT2A 1920"]
[Site "Czech Republic"]
[Date "2019.10.13"]
[Round "1.7"]
[White "Tochor, Jiri"]
[Black "Kopriva, Martin"]
[Result "1-0"]
[WhiteElo "2008"]
[BlackElo "2046"]
[PlyCount "86"]
[EventDate "2019.10.13"]
[EventType "team-tourn"]
[EventRounds "11"]
[EventCountry "CZE"]
[SourceTitle "EXT 2024"]
[Source "ChessBase"]
[SourceDate "2023.10.10"]
[SourceVersion "1"]
[SourceVersionDate "2023.10.10"]
[SourceQuality "1"]
[WhiteTeam "Domazlice"]
[BlackTeam "Klatovy"]
[WhiteTeamCountry "CZE"]
[BlackTeamCountry "CZE"]

1. e4 g6 2. d4 Bg7 3. Nc3 d6 4. g3 Nc6 5. Be3 Nf6 6. h3 0-0 7. Bg2 e5 8. Nge2 a6 9. 0-0 b5 10. d5 Na5 11. b3 Bd7 12. Qd2 Re8 13. a4 Nb7 14. axb5 axb5 15. Ra7 Rxa7 16. Bxa7 c5 17. dxc6 Bxc6 18. b4 Qd7 19. Bb6 Ra8 20. Rd1 Qe6 21. Nd5 Bxd5 22. exd5 Qe8 23. Nc3 Rc8 24. Bf1 Nd7 25. Bxb5 Qe7 26. Be3 f5 27. Bc6 Nd8 28. Ra1 f4 29. gxf4 exf4 30. Bxf4 Qf6 31. Ra3 Ne5 32. Bxe5 Qxe5 33. b5 Nf7 34. Qe3 Qh5 35. Kg2 Rf8 36. Ne4 Ne5 37. Ra8 Nxc6 38. Rxf8+ Kxf8 39. dxc6 Qxb5 40. Qf3+ Ke7 41. Qf7+ Kxf7 42. Nxd6+ Ke6 43. Nxb5 Kd5 1-0

[Event "CZE-chT2A 1718"]
[Site "Czech Republic"]
[Date "2017.11.19"]
[Round "3.7"]
[White "Tochor, Jiri"]
[Black "Korsa, Jindrich"]
[Result "1-0"]
[WhiteElo "2090"]
[BlackElo "2073"]
[PlyCount "50"]
[EventDate "2017.10.15"]
[EventType "team-tourn"]
[EventRounds "11"]
[EventCountry "CZE"]
[SourceTitle "EXT 2022"]
[Source "ChessBase"]
[SourceDate "2021.10.06"]
[SourceVersion "1"]
[SourceVersionDate "2021.10.06"]
[SourceQuality "1"]
[WhiteTeam "Klatovy"]
[BlackTeam "Podborany"]
[WhiteTeamCountry "CZE"]
[BlackTeamCountry "CZE"]

1. e4 e5 2. Nc3 Nf6 3. f4 d5 4. fxe5 Nxe4 5. Qf3 Nxc3 6. dxc3 Be7 7. Bf4 Be6 8. 0-0-0 c6 9. Ne2 Qa5 10. Kb1 Na6 11. Nd4 Nc7 12. Nb3 Qb6 13. Be3 c5 14. Qf2 d4 15. cxd4 Rd8 16. Be2 Bxb3 17. axb3 Nd5 18. dxc5 Qc7 19. Bb5+ Kf8 20. Bc4 Qxe5 21. Bd4 Qg5 22. h4 Qg4 23. Bxd5 Rxd5 24. Bxg7+ Kxg7 25. Rxd5 Bf6 1-0

[Event "CZE-chT2A 1617"]
[Site "Czech Republic"]
[Date "2017.01.29"]
[Round "7.7"]
[White "Tochor, Jiri"]
[Black "Lysek, Lukas"]
[Result "1-0"]
[WhiteElo "2077"]
[BlackElo "1966"]
[PlyCount "85"]
[EventDate "2016.10.09"]
[EventType "team-tourn"]
[EventRounds "11"]
[EventCountry "CZE"]
[SourceTitle "EXT 2022"]
[Source "ChessBase"]
[SourceDate "2021.10.06"]
[SourceVersion "1"]
[SourceVersionDate "2021.10.06"]
[SourceQuality "1"]
[WhiteTeam "Domazlice"]
[BlackTeam "Praha Dukla"]
[WhiteTeamCountry "CZE"]
[BlackTeamCountry "CZE"]

1. e4 e6 2. d4 d5 3. e5 c5 4. c3 Nc6 5. Nf3 Bd7 6. a3 f6 7. Bd3 fxe5 8. dxe5 Qc7 9. Qe2 c4 10. Bc2 g6 11. 0-0 Bg7 12. Re1 Nge7 13. b3 b5 14. a4 cxb3 15. Bxb3 Na5 16. Bc2 bxa4 17. Bxa4 Bxa4 18. Rxa4 Nc4 19. Na3 Qc6 20. Qc2 Nb6 21. Ra6 0-0 22. Nd4 Qc8 23. Ra5 Nf5 24. Qd3 Rf7 25. Nf3 Rc7 26. Nb5 Rc6 27. Rxa7 Rb8 28. Ba3 Nc4 29. Nbd4 Rcb6 30. Nxf5 gxf5 31. Bb4 Ra6 32. Rxa6 Qxa6 33. Nd4 Ra8 34. f4 Nb2 35. Qxa6 Rxa6 36. Rb1 Nd3 37. g3 Bf8 38. Bxf8 Kxf8 39. Rb8+ Kg7 40. Rb7+ Kg6 41. Re7 Kh5 42. Rxh7+ Kg4 43. Rh4# 1-0

[Event "CZE-chT2A 1314"]
[Site "Czech Republic"]
[Date "2014.02.16"]
[Round "8.6"]
[White "Tochor, Jiri"]
[Black "Markovic, Milan2"]
[Result "1/2-1/2"]
[WhiteElo "2093"]
[BlackElo "2136"]
[PlyCount "115"]
[EventDate "2013.11.03"]
[EventType "team-tourn"]
[EventRounds "11"]
[EventCountry "CZE"]
[SourceTitle "EXT 2015"]
[Source "ChessBase"]
[SourceDate "2014.11.20"]
[SourceVersion "1"]
[SourceVersionDate "2014.11.20"]
[SourceQuality "1"]
[WhiteTeam "Domazlice"]
[BlackTeam "Praha Vrsovice"]
[WhiteTeamCountry "CZE"]
[BlackTeamCountry "CZE"]

1. e4 d5 2. exd5 Qxd5 3. Nc3 Qd6 4. d4 Nf6 5. Nf3 a6 6. g3 Bg4 7. Bg2 e6 8. 0-0 Nc6 9. Be3 Rd8 10. Ne2 Be7 11. c3 0-0 12. Bf4 Qd7 13. Re1 Nd5 14. h3 Bh5 15. Qc1 f6 16. g4 Bf7 17. Bg3 Rfe8 18. a3 Na5 19. Nd2 b5 20. b4 Nc4 21. Nxc4 bxc4 22. a4 a5 23. b5 c6 24. Qb2 Bd6 25. Bxd6 Qxd6 26. Bxd5 cxd5 27. Ng3 Rb8 28. Re3 Rb6 29. Rae1 Kf8 30. Kg2 Bg6 31. Rf3 Bd3 32. g5 f5 33. Re5 Kg8 34. Kh2 Qd8 35. Qd2 Be4 36. Nxe4 fxe4 37. Rf4 Qe7 38. g6 hxg6 39. Rg4 Rf8 40. Rxg6 Rf6 41. Rg2 Qf8 42. Reg5 Rb7 43. R5g3 Rbf7 44. Kg1 Qa3 45. h4 Qxa4 46. h5 Kf8 47. Qg5 Qxb5 48. Qe5 Qb1+ 49. Kh2 Kg8 50. Rxg7+ Rxg7 51. Qxf6 Rxg2+ 52. Kxg2 Qb7 53. Qd8+ Kh7 54. Qxa5 Qf7 55. Qd8 Qf3+ 56. Kg1 Qg4+ 57. Kf1 Qh3+ 58. Kg1 1/2-1/2

[Event "CZE-chT2A 1314"]
[Site "Czech Republic"]
[Date "2013.12.15"]
[Round "4.5"]
[White "Novacek, Karel"]
[Black "Tochor, Jiri"]
[Result "1/2-1/2"]
[WhiteElo "2105"]
[BlackElo "2093"]
[PlyCount "113"]
[EventDate "2013.11.03"]
[EventType "team-tourn"]
[EventRounds "11"]
[EventCountry "CZE"]
[SourceTitle "EXT 2015"]
[Source "ChessBase"]
[SourceDate "2014.11.20"]
[SourceVersion "1"]
[SourceVersionDate "2014.11.20"]
[SourceQuality "1"]
[WhiteTeam "Klatovy"]
[BlackTeam "Domazlice"]
[WhiteTeamCountry "CZE"]
[BlackTeamCountry "CZE"]

1. e4 c5 2. Nc3 Nc6 3. f4 g6 4. Nf3 Bg7 5. Bb5 Nd4 6. Bd3 e6 7. Nxd4 cxd4 8. Nb5 d6 9. c3 Qb6 10. Nxd4 Bd7 11. Nf3 Nf6 12. Qb3 Qxb3 13. axb3 Bc6 14. f5 Bxe4 15. Bb5+ Ke7 16. fxe6 fxe6 17. d4 a6 18. Be2 h6 19. 0-0 g5 20. h4 g4 21. Nd2 Bf5 22. Nc4 Nd5 23. Ne3 Nxe3 24. Bxe3 Bf6 25. Bf2 h5 26. Bg3 Rhf8 27. Rae1 Kd7 28. Bc4 Be7 29. b4 Rac8 30. Bb3 d5 31. Ba4+ b5 32. Bb3 Bd3 33. Rxf8 Rxf8 34. Ra1 Ra8 35. Kf2 Be4 36. Kg1 Bd3 37. Rd1 Bf5 38. Re1 Kc6 39. Ra1 Be4 40. Bd1 Kb6 41. Be2 Re8 42. Re1 Rc8 43. Bd3 Bxh4 44. Bxh4 Bxd3 45. Rxe6+ Rc6 46. Re5 Be4 47. Rxh5 a5 48. Bd8+ Ka6 49. bxa5 b4 50. Rg5 bxc3 51. bxc3 Rg6 52. Re5 Kb5 53. Rg5 Rxg5 54. Bxg5 Kxa5 55. Kf2 Kb5 56. g3 Kc4 57. Ke3 1/2-1/2

[Event "CZE-chT2A 1314"]
[Site "Czech Republic"]
[Date "2013.11.03"]
[Round "1.7"]
[White "Tochor, Jiri"]
[Black "Misicko, Jan"]
[Result "0-1"]
[WhiteElo "2093"]
[BlackElo "2064"]
[PlyCount "96"]
[EventDate "2013.11.03"]
[EventType "team-tourn"]
[EventRounds "11"]
[EventCountry "CZE"]
[SourceTitle "EXT 2015"]
[Source "ChessBase"]
[SourceDate "2014.11.20"]
[SourceVersion "1"]
[SourceVersionDate "2014.11.20"]
[SourceQuality "1"]
[WhiteTeam "Domazlice"]
[BlackTeam "Kladno"]
[WhiteTeamCountry "CZE"]
[BlackTeamCountry "CZE"]

1. e4 c5 2. Nf3 e6 3. d4 cxd4 4. Nxd4 Nf6 5. Nc3 d6 6. Be3 Nc6 7. h3 Be7 8. Qd2 Qc7 9. 0-0-0 a6 10. g4 b5 11. g5 Nd7 12. Kb1 Bb7 13. f4 Nc5 14. Nxc6 Qxc6 15. Bxc5 dxc5 16. Bg2 Rd8 17. Qe3 0-0 18. Ne2 Rxd1+ 19. Rxd1 Rd8 20. Rxd8+ Bxd8 21. Qd2 Bb6 22. Ng3 g6 23. c3 a5 24. a3 Kf8 25. Bh1 e5 26. f5 c4 27. f6 Qc5 28. Bf3 Ke8 29. Bg4 Bc6 30. Ka2 Bc7 31. Bf3 Bd7 32. h4 Be6 33. Nf1 b4 34. Ne3 Bd6 35. a4 Qc6 36. Nd5 b3+ 37. Kb1 Qxa4 38. Qe3 Bxd5 39. exd5 Qa2+ 40. Kc1 Qa1+ 41. Kd2 Qxb2+ 42. Ke1 Qb1+ 43. Kf2 Qc2+ 44. Be2 b2 45. Qb6 Qf5+ 46. Kg2 b1Q 47. Qxd6 Qbe4+ 48. Kg1 Qe3+ 0-1

[Event "CZE-chT2A 1011"]
[Site "Czech Republic"]
[Date "2011.02.06"]
[Round "7"]
[White "Jandecka, Tomas"]
[Black "Tochor, Jiri"]
[Result "1/2-1/2"]
[WhiteElo "2195"]
[BlackElo "2076"]
[PlyCount "45"]
[EventDate "2010.10.17"]
[EventType "team-tourn"]
[EventRounds "11"]
[EventCountry "CZE"]
[SourceTitle "EXT 2012"]
[Source "ChessBase"]
[SourceDate "2011.11.24"]
[SourceVersion "1"]
[SourceVersionDate "2011.11.24"]
[SourceQuality "1"]
[WhiteTeam "Zizkov"]
[BlackTeam "Domazlice"]
[WhiteTeamCountry "CZE"]
[BlackTeamCountry "CZE"]

1. e4 c5 2. Nc3 Nc6 3. g3 g6 4. Bg2 Bg7 5. d3 d6 6. Be3 e6 7. Qd2 Rb8 8. Nf3 b5 9. 0-0 Nd4 10. Nh4 b4 11. Nd1 Ne7 12. c3 bxc3 13. bxc3 Ndc6 14. Bh6 0-0 15. Bxg7 Kxg7 16. f4 f6 17. Nf2 d5 18. e5 fxe5 19. fxe5 Nxe5 20. Rae1 Nf7 21. Ng4 Nf5 22. Qf4 Rb6 23. Nf3 1/2-1/2

[Event "CZE-chT2A 1011"]
[Site "Czech Republic"]
[Date "2011.01.09"]
[Round "5"]
[White "Ruzicka, Ales"]
[Black "Tochor, Jiri"]
[Result "1-0"]
[WhiteElo "2041"]
[BlackElo "2076"]
[PlyCount "105"]
[EventDate "2010.10.17"]
[EventType "team-tourn"]
[EventRounds "11"]
[EventCountry "CZE"]
[SourceTitle "EXT 2012"]
[Source "ChessBase"]
[SourceDate "2011.11.24"]
[SourceVersion "1"]
[SourceVersionDate "2011.11.24"]
[SourceQuality "1"]
[WhiteTeam "Tabor II"]
[BlackTeam "Domazlice"]
[WhiteTeamCountry "CZE"]
[BlackTeamCountry "CZE"]

1. e4 c5 2. Nf3 e6 3. d4 cxd4 4. Nxd4 a6 5. Bd3 Bc5 6. Nb3 Be7 7. 0-0 Nc6 8. Nc3 Nf6 9. Be3 d6 10. f4 0-0 11. Qf3 Qc7 12. Qg3 b5 13. f5 Ne5 14. Kh1 Kh8 15. Nd4 Bd7 16. Rae1 Nc4 17. Bc1 b4 18. Nce2 e5 19. Nb3 a5 20. Ng1 a4 21. Nd2 Nb6 22. Ndf3 Rfb8 23. Ng5 Be8 24. N1f3 Nc4 25. Nd2 Nxd2 26. Bxd2 Bf8 27. Nh3 Bb5 28. Bg5 Be7 29. Bxf6 Bxf6 30. Nf2 Qe7 31. Qf3 Ra7 32. Ng4 Rc7 33. Bxb5 Rxb5 34. Ne3 Rc6 35. Nd5 Qd8 36. Qd3 Rb7 37. Rd1 Bg5 38. Rf2 Qc8 39. g3 Rc4 40. h4 Bd8 41. Rdd2 h6 42. f6 g6 43. Kh2 Kh7 44. Qf3 Qc6 45. h5 Qd7 46. hxg6+ Kxg6 47. Kh1 h5 48. Ne3 Rd4 49. Rh2 h4 50. Rxd4 exd4 51. Nd5 h3 52. g4 b3 53. Qxh3 1-0

[Event "CZE-chT2A 1011"]
[Site "Czech Republic"]
[Date "2010.10.17"]
[Round "1"]
[White "Tochor, Jiri"]
[Black "Michal, Josef"]
[Result "1-0"]
[WhiteElo "2076"]
[BlackElo "2025"]
[PlyCount "131"]
[EventDate "2010.10.17"]
[EventType "team-tourn"]
[EventRounds "11"]
[EventCountry "CZE"]
[SourceTitle "EXT 2012"]
[Source "ChessBase"]
[SourceDate "2011.11.24"]
[SourceVersion "1"]
[SourceVersionDate "2011.11.24"]
[SourceQuality "1"]
[WhiteTeam "Domazlice"]
[BlackTeam "HerNyr"]
[WhiteTeamCountry "CZE"]
[BlackTeamCountry "CZE"]

1. e4 d6 2. d4 Nf6 3. Nc3 g6 4. Be3 Bg7 5. h3 c6 6. Qd2 Qa5 7. Bd3 b5 8. Nf3 Na6 9. 0-0 0-0 10. a3 Bd7 11. b4 Qb6 12. Rab1 Nc7 13. Bh6 a5 14. Bxg7 Kxg7 15. e5 Nfd5 16. Ne4 axb4 17. exd6 exd6 18. axb4 Ne8 19. Ng3 Nef6 20. h4 h5 21. c3 Ra3 22. Rfc1 Rfa8 23. Ng5 Ra2 24. Rb2 Rxb2 25. Qxb2 Nf4 26. Bb1 Re8 27. Qd2 Ne6 28. Ba2 Qb8 29. Rf1 d5 30. Nf3 Qf4 31. Qxf4 Nxf4 32. Ne5 Re7 33. f3 Ne8 34. Bb3 f6 35. Nxd7 Rxd7 36. Re1 Kf7 37. Ne4 Ne6 38. Nf2 Ra7 39. Bc2 N8g7 40. g3 Ra3 41. Rc1 Ne8 42. Bd3 Nd6 43. Kf1 Ng7 44. Kg2 Nc8 45. g4 Nb6 46. Kg3 Na4 47. Nd1 Ra2 48. Rc2 Ra1 49. Ne3 Re1 50. Ng2 Rd1 51. Nf4 f5 52. gxf5 gxf5 53. Be2 Rb1 54. Nd3 Rb3 55. Ne5+ Kf6 56. Nxc6 Rxc3 57. Rxc3 Nxc3 58. Bd3 Ne6 59. f4 Nc7 60. Kf3 Na6 61. Ke3 Na2 62. Bxb5 N6xb4 63. Nxb4 Nxb4 64. Kd2 Ke6 65. Kc3 Na2+ 66. Kb2 1-0

[Event "CZE-chT2A 0910"]
[Site "Czech Republic"]
[Date "2010.02.28"]
[Round "8.4"]
[White "Tochor, Jiri"]
[Black "Karlicek, Pavel"]
[Result "0-1"]
[WhiteElo "2068"]
[BlackElo "2053"]
[PlyCount "68"]
[EventDate "2009.10.18"]
[EventType "team-tourn"]
[EventRounds "11"]
[EventCountry "CZE"]
[SourceTitle "EXT 2012"]
[Source "ChessBase"]
[SourceDate "2011.11.24"]
[SourceVersion "1"]
[SourceVersionDate "2011.11.24"]
[SourceQuality "1"]
[WhiteTeam "Domazlice"]
[BlackTeam "Cesky Krumlov"]
[WhiteTeamCountry "CZE"]
[BlackTeamCountry "CZE"]

1. e4 e5 2. Nf3 Nc6 3. Bb5 f5 4. Nc3 fxe4 5. Nxe4 d5 6. Nc3 Bg4 7. d3 Bc5 8. h3 Bxf3 9. Qxf3 Nf6 10. Bg5 0-0 11. Bxc6 bxc6 12. 0-0 Qe8 13. Qg3 Bd6 14. Qh4 Qg6 15. Bd2 Nh5 16. Ne2 Rf6 17. g4 Nf4 18. Bxf4 exf4 19. f3 Bc5+ 20. Kg2 Re8 21. Rfe1 Qf7 22. d4 Be7 23. Qf2 Rh6 24. Nc1 Bh4 25. Rxe8+ Qxe8 26. Qe2 Re6 27. Qd2 Bg3 28. a4 Re1 29. b4 Qe7 30. c3 Re3 31. Ra2 Be1 32. Qd1 Qh4 33. Ne2 Qf2+ 34. Kh1 Qxf3+ 0-1

[Event "CZE-chT2a 0607"]
[Site "Czech Republic"]
[Date "2007.02.25"]
[Round "8.4"]
[White "Krischke, Arnold"]
[Black "Tochor, Jiri"]
[Result "1-0"]
[WhiteElo "2079"]
[BlackElo "2101"]
[PlyCount "103"]
[EventDate "2006.10.15"]
[EventType "team-tourn"]
[EventRounds "11"]
[EventCountry "CZE"]
[SourceTitle "EXT 2009"]
[Source "ChessBase"]
[SourceDate "2008.11.26"]
[SourceVersion "1"]
[SourceVersionDate "2008.11.26"]
[SourceQuality "1"]
[WhiteTeam "Praha Praga"]
[BlackTeam "Domazlice"]
[WhiteTeamCountry "CZE"]
[BlackTeamCountry "CZE"]

1. c4 c5 2. Nc3 Nc6 3. g3 g6 4. Bg2 Bg7 5. Nf3 e6 6. 0-0 Nge7 7. e3 0-0 8. d4 d6 9. b3 a6 10. Bb2 Qc7 11. Qd2 b6 12. Rfd1 Bb7 13. d5 exd5 14. Nxd5 Nxd5 15. Bxg7 Kxg7 16. cxd5 Ne7 17. Qb2+ Kg8 18. e4 Rad8 19. Qf6 Bc8 20. h4 Bg4 21. Rd3 h6 22. Nh2 Bc8 23. f4 Kh7 24. h5 Ng8 25. hxg6+ fxg6 26. Qc3 Rde8 27. Re1 Ne7 28. e5 Nf5 29. e6 Qe7 30. Be4 Qg7 31. Qxg7+ Kxg7 32. Kg2 Bb7 33. Ng4 Nd4 34. Nh2 a5 35. Nf3 Nf5 36. g4 Ne7 37. Kg3 Ra8 38. Nd2 a4 39. Nc4 Nc8 40. f5 b5 41. Ne3 axb3 42. Rxb3 b4 43. a3 Rxa3 44. Rxa3 bxa3 45. Ra1 g5 46. Rxa3 Kf6 47. Nc4 Rh8 48. Rb3 Rh7 49. Nb6 Nxb6 50. Rxb6 Ke5 51. f6 Kxe4 52. f7 1-0

[Event "CZE-chT2a 0607"]
[Site "Czech Republic"]
[Date "2007.02.11"]
[Round "7.6"]
[White "Tochor, Jiri"]
[Black "Koper, Stefan"]
[Result "0-1"]
[WhiteElo "2101"]
[BlackElo "2025"]
[PlyCount "64"]
[EventDate "2006.10.15"]
[EventType "team-tourn"]
[EventRounds "11"]
[EventCountry "CZE"]
[SourceTitle "EXT 2009"]
[Source "ChessBase"]
[SourceDate "2008.11.26"]
[SourceVersion "1"]
[SourceVersionDate "2008.11.26"]
[SourceQuality "1"]
[WhiteTeam "Domazlice"]
[BlackTeam "Praha Praga II"]
[WhiteTeamCountry "CZE"]
[BlackTeamCountry "CZE"]

1. e4 g6 2. d4 Bg7 3. Nc3 d6 4. Be3 Nd7 5. Qd2 a6 6. 0-0-0 b5 7. h4 h5 8. f3 Nb6 9. Nh3 b4 10. Nb1 a5 11. Nf2 Nf6 12. Be2 Bb7 13. Bd3 Nfd7 14. Qe2 e5 15. d5 Nc5 16. Bb5+ Kf8 17. Bg5 Bf6 18. Nh3 Bc8 19. Qe3 Bxh3 20. Rxh3 Bxg5 21. hxg5 Kg7 22. Rdh1 Qe7 23. Nd2 Raf8 24. Rh4 f6 25. gxf6+ Qxf6 26. Qg1 Qg5 27. g3 Rxf3 28. R1h3 Rhf8 29. Be2 Rf2 30. Rh2 Qe3 31. Rxf2 Rxf2 32. Qe1 Rxe2 0-1

[Event "CZE-chT2a 0607"]
[Site "Czech Republic"]
[Date "2006.12.03"]
[Round "4.6"]
[White "Liska, Karel"]
[Black "Tochor, Jiri"]
[Result "1-0"]
[WhiteElo "2069"]
[BlackElo "2101"]
[PlyCount "63"]
[EventDate "2006.10.15"]
[EventType "team-tourn"]
[EventRounds "11"]
[EventCountry "CZE"]
[SourceTitle "EXT 2009"]
[Source "ChessBase"]
[SourceDate "2008.11.26"]
[SourceVersion "1"]
[SourceVersionDate "2008.11.26"]
[SourceQuality "1"]
[WhiteTeam "Plzen Loko"]
[BlackTeam "Domazlice"]
[WhiteTeamCountry "CZE"]
[BlackTeamCountry "CZE"]

1. e4 c5 2. Nf3 e6 3. d4 cxd4 4. Nxd4 a6 5. Be3 Nf6 6. Bd3 Nc6 7. Nxc6 bxc6 8. 0-0 d6 9. Qe2 Be7 10. Nd2 0-0 11. f4 Qc7 12. g4 Nd7 13. Rf3 e5 14. f5 d5 15. Rg3 Qd8 16. Nf3 Bb7 17. g5 f6 18. gxf6 Bxf6 19. Kh1 Qe8 20. Bg5 c5 21. exd5 Bxd5 22. Be4 Qf7 23. Rag1 Bxe4 24. Qxe4 Kh8 25. Rh3 Rab8 26. b3 Rb6 27. Qh4 Qg8 28. c4 Rd6 29. Qe4 Re8 30. Nh4 Qf7 31. Ng6+ Kg8 32. Rxh7 1-0

[Event "CZE-chT2a 0405"]
[Site "Czech Republic"]
[Date "2005.04.10"]
[Round "11.7"]
[White "Tochor, Jiri"]
[Black "Baumruk, Josef"]
[Result "1/2-1/2"]
[WhiteElo "1976"]
[BlackElo "2062"]
[PlyCount "33"]
[EventDate "2004.10.17"]
[EventType "team-tourn"]
[EventRounds "11"]
[EventCountry "CZE"]
[SourceTitle "EXT 2007"]
[Source "ChessBase"]
[SourceDate "2006.11.23"]
[SourceVersion "1"]
[SourceVersionDate "2006.11.23"]
[SourceQuality "1"]
[WhiteTeam "Domazlice"]
[BlackTeam "Klatovy"]
[WhiteTeamCountry "CZE"]
[BlackTeamCountry "CZE"]

1. e4 Nf6 2. e5 Nd5 3. d4 d6 4. Nf3 Nc6 5. c4 Nb6 6. exd6 exd6 7. h3 Bf5 8. Nc3 Be7 9. Be2 0-0 10. 0-0 Bf6 11. Be3 Re8 12. Qd2 a5 13. g4 Bc8 14. Kg2 a4 15. d5 Ne5 16. Nxe5 Bxe5 17. f4 1/2-1/2